Матеріали першого українського симпозіуму з мовознавства і літератур країн Азійсько-Тихоокеанського регіону (Запис № 314523)

МАРК-запис
000 -Лідер
fixed length control field 00837nam a22002297a 4500
003 - Ідентифікатор контрольного номера
control field UA-OsUOA
001 - Контрольний номер
control field 28162
007 - Фіксоване поле фізичного опису
fixed length control field ta
008 - Елементи даних фіксованої довжини – загальна інформація
fixed length control field 20040928b un ||||| |||| 00| 0 ukr d
090 ## - Локальний шифр розміщення
Класифікаційний індекс УДК 81+82
Авторський знак (НП) М34
040 ## - Джерело каталогізації
Агенція оригінальної каталогізації UA-OsUOA
Мова каталогізації ukr
Агенція, яка здійснювала перезапис UA-OsUOA
Агенція, яка здійснювала модифікацію UA-OsUOA
041 ## - Код мови
Код мови тексту/ звукової доріжки чи окремого заголовка (П) ukr
080 ## - Індекс Універсальної десяткової класифікації
Індекс Універсальної десяткової класифікації (УДК) (НП) 81+82
044 ## - Код країни видавця/ виробника
Код країни видавця/ виробника (П) UA
245 ## - Відомості про назву
Назва (НП) Матеріали першого українського симпозіуму з мовознавства і літератур країн Азійсько-Тихоокеанського регіону
Решта назви (НП) Збірник наукових праць
Дані про відповідальність (НП) Ред. В.Резаненко
260 ## - Публікація, розповсюдження і т.п. (Вихідні дані)
Місце публікації, розповсюдження і т.п. (П) Київ
Ім’я/ наймення видавництва, розповсюджувача і т.п. (П) Національний університет "Києво-Могилянська академія "
Дата публікації, розповсюдження і т.п. (П) 1999
246 31 - Інша форма назви
Назва (НП) Вип.1
Номер частини/ розділ роботи (П)
300 ## - Фізичний опис
Обсяг 109 с.
650 #7 - Додаткове предметне введення – тематичний термін
Джерело заголовка чи терміна UDC
942 ## - Додаткові елементи входу (Коха)
Тип елемента Koha Книги
955 ## - Код типу видання за змістом
Код типу видання за змістом (НП) інше

Немає доступних примірників.